| 000 | 00411nam a2200157Ia 4500 | ||
|---|---|---|---|
| 003 | GCL | ||
| 008 | 140319s9999 xx 000 0 eng d | ||
| 040 |
_aGCL / _cGCL |
||
| 082 | 0 | 4 |
_a778.9 _bH A |
| 100 | 1 | _aHARRIS, MICHAEL G | |
| 245 | 1 | 0 |
_aARCHITECTURAL PHOTOGRAPHY / _cHARRIS, MICHAEL G |
| 260 |
_a[S.N] : _bFOCAL PRESS ، _c1995 |
||
| 300 | _a122 | ||
| 650 | 0 | 4 | _aARCHITECTURAL PHOTOGRAPHY |
| 942 |
_2ddc _cBK |
||
| 999 |
_c10329 _d10329 |
||